000 00487nam a2200181 i 4500
001 bgj
100 1 _aCRANE, Caroline
245 1 0 _aThe Foretelling /
_cCaroline Crane.
260 _aNew York :
_bDodd, Mead & Co.,
_cc. 1982.
300 _a234 pp ;
_c22 cm.
650 9 _aAmerican fiction
_y20th century
020 _a0396080561 (hbk, jacket)
040 _cBPK
041 0 _aeng
920 _a0-396-08056-1 (hbk, jacket)
942 _cKS
008 s uk f |000 0 eng
999 _c47277
_d47277
856 _uhttp://koha.tu.koszalin.pl/cgi-bin/koha/opac-detail.pl?biblionumber=47277
_yKatalog online BPK